000 00336nam a2200145Ia 4500
008 230718s9999 xx 000 0 und d
041 _aEng.
082 _a346.02
_bMAH-T
100 _aMahmood. M
245 4 _aThe Contract Act,1872
260 _aPakistan
_bAl-qanoon Publisher
_c2008
300 _a1546
650 _aLaw
999 _c29426
_d29426